[Event "5th Kolkata Open"]
[Site "Kolkata IND"]
[Date "2012.12.06"]
[Round "4"]
[White "Shreyans,K"]
[Black "Kunte,A"]
[Result "1/2-1/2"]
[WhiteElo "2231"]
[BlackElo "2511"]

1.e4 c5 2.c3 Nf6 3.e5 Nd5 4.d4 cxd4 5.cxd4 d6 6.Nf3 Nc6 7.Bc4 Nb6 8.Bb5 dxe5
9.Nxe5 Bd7 10.Nxd7 Qxd7 11.Nc3 e6 12.O-O Be7 13.Qg4 O-O 14.Rd1 Rfd8 15.Bh6 g6
16.Bg5 Bxg5 17.Bxc6 bxc6 18.Qxg5 Nd5 19.Ne4 Rab8 20.b3 Qe7 21.Rac1 Qxg5 22.Nxg5 Ne7
23.Nf3 f6 24.Rc5 Kf7 25.Rdc1 Rd7 26.h4 h6 27.R1c4 Rb5 28.g4 g5 29.hxg5 hxg5
30.Kf1 Rb6 31.Ra5 Rb5 32.Ra6 Rb6 33.Ra5 Rb5 34.Ra6 Rb6 35.Rxb6  1/2-1/2

[Event "4th London Classic Open"]
[Site "London ENG"]
[Date "2012.12.06"]
[Round "6"]
[White "Anderton,M"]
[Black "Ditmas,H"]
[Result "1-0"]
[WhiteElo "2210"]
[BlackElo "2011"]

1.e4 c5 2.c3 Nf6 3.e5 Nd5 4.Nf3 Nc6 5.Bc4 Nb6 6.Bb3 d5 7.exd6 Qxd6 8.Na3 e6
9.d4 cxd4 10.Nb5 Qb8 11.O-O a6 12.Nbxd4 Be7 13.Bg5 Qc7 14.Nxc6 Qxc6 15.Bxe7 Kxe7
16.Ne5 Qc7 17.Qh5 Ke8 18.Rfe1 g6 19.Qh4 Qe7 20.Qd4 f6 21.Ng4  1-0

[Event "London Classic Women Inv"]
[Site "London ENG"]
[Date "2012.12.07"]
[Round "7"]
[White "Bhatia,K"]
[Black "Sandu,Mi"]
[Result "1-0"]
[WhiteElo "2057"]
[BlackElo "2199"]

1.e4 c5 2.c3 Nf6 3.e5 Nd5 4.d4 cxd4 5.Nf3 e6 6.cxd4 d6 7.Bc4 Nc6 8.O-O Be7
9.a3 O-O 10.Nbd2 dxe5 11.dxe5 Nb6 12.Ba2 Nd4 13.Re1 Nxf3+ 14.Qxf3 Qc7 15.Qg3 f5
16.Nf3 Nd5 17.Bh6 Bd8 18.Rac1 Qf7 19.Bxd5 exd5 20.e6 Bxe6 21.Rxe6 Kh8 22.Ne5 Qg8
23.Nd7 Rf7 24.Qe5 Bh4 25.Rc7 Qd8 26.g3 Be7 27.Bf4 d4 28.Qd5 Bg5 29.Be5 f4
30.Rg6 Qe8 31.Rxg5 fxg3 32.hxg3 Rd8 33.Qxd4 Rdxd7 34.Rxd7 Qxd7 35.Qxd7  1-0

[Event "12th Porec Open"]
[Site "Porec CRO"]
[Date "2012.12.07"]
[Round "4.1"]
[White "Mazi,L"]
[Black "Jovanic,O"]
[Result "0-1"]
[WhiteElo "2351"]
[BlackElo "2538"]

1.e4 c5 2.c3 Nf6 3.d3 Nc6 4.f4 d5 5.e5 Ng4 6.Be2 Nh6 7.Be3 d4 8.Bf2 Qb6 9.Qb3 Ng4
10.Nd2 Nxf2 11.Kxf2 g5 12.fxg5 Qc7 13.Ngf3 Be6 14.Qb5 Rd8 15.cxd4 cxd4 16.Rhc1 a6
17.Qa4 Bg7 18.Ne4 O-O 19.Kg1 Bd5 20.Bf1 Bxe4 21.dxe4 d3 22.Qb3 d2 23.Rc5 Qb8
24.Rd1 Nxe5 25.Nxe5 Bxe5 26.Kh1 Bxh2 27.Qh3 Bg3 28.e5 Bf2 29.Rc2 Rd4 30.g4 Rfd8
31.e6 fxe6 32.Bc4 Qe5 33.Qf3 Rf8 34.Qg2 Qe1+  0-1

[Event "5th Kolkata Open"]
[Site "Kolkata IND"]
[Date "2012.12.08"]
[Round "6"]
[White "Senador,E"]
[Black "Soumya,Sw"]
[Result "0-1"]
[WhiteElo "2352"]
[BlackElo "2268"]

1.e4 c5 2.c3 Nf6 3.e5 Nd5 4.d4 cxd4 5.Nf3 Nc6 6.Bc4 Nb6 7.Bb3 d5 8.exd6 Qxd6
9.O-O e6 10.cxd4 Be7 11.Nc3 O-O 12.a3 Nd5 13.Qe2 a6 14.Rd1 Bd7 15.Ne5 Nxc3
16.bxc3 Nxe5 17.dxe5 Qc7 18.c4 Rfd8 19.Rd3 Be8 20.Rg3 g6 21.Kh1 Rac8 22.Bb2 Bc5
23.f4 Bd4 24.Rf1 Bxb2 25.Qxb2 Qa5 26.h4 Rd2 27.Qa1 Qd8 28.Rg4 Bc6 29.Kh2 h5
30.Rg5 Rxg2+ 31.Rxg2 Qxh4+ 32.Kg1 Qh3 33.Rg5 Qxb3 34.Qd4 Qh3 35.f5 Qh1+ 36.Kf2 Qh2+
37.Ke1 exf5 38.Rfxf5 Re8 39.Rf6 Qh3 40.Kf2 Qh2+ 41.Ke1 Qc2 42.e6 Rxe6+ 43.Rxe6 Qc1+
44.Kf2 Qxg5 45.Rd6 Qf5+ 46.Ke3 Kh7 47.Qf6 Qh3+ 48.Kd2 Qg2+ 49.Kc1 Qf3 50.Qd4 Qxa3+
51.Kd2 Qa2+ 52.Ke3 Qb3+ 53.Kd2 Qa2+ 54.Ke3 Qg2 55.Qf4 Qh3+ 56.Kd2 Qf3 57.Qd4 Qg2+
58.Kc3 Qg4 59.Qe5 h4 60.Kb4 Qf5 61.Qd4 a5+ 62.Ka3 Qe4 63.Qf6 Qf3+ 64.Qxf3 Bxf3
65.Rf6 Bg2 66.Rxf7+ Kh6 67.Rf8 Kg7  0-1

[Event "4th London Classic Open"]
[Site "London ENG"]
[Date "2012.12.08"]
[Round "8"]
[White "Anderton,M"]
[Black "Ociepka,A"]
[Result "0-1"]
[WhiteElo "2210"]
[BlackElo "2143"]

1.e4 c5 2.c3 Nf6 3.e5 Nd5 4.Nf3 Nc6 5.Bc4 Nb6 6.Bb3 c4 7.Bc2 Qc7 8.Qe2 g5
9.Na3 Bg7 10.Nxc4 g4 11.Nxb6 axb6 12.Nh4 Qxe5 13.Qxe5 Bxe5 14.d4 Bf6 15.Nf5 h5
16.Ne3 Bg5 17.Ke2 Bxe3 18.Bxe3 d5 19.Bf4 b5 20.a3 Bd7 21.Kd2 Na5 22.b3 Nc6
23.Bd3 Nd8 24.Rhb1 Ne6 25.Be3 Bc6 26.a4 bxa4 27.bxa4 Ra5 28.Bb5 Kd7 29.c4 Nc7
30.Bxc6+ bxc6 31.c5 Rha8 32.Rb4 R8a7 33.Kc3 f6 34.Kb3 e5 35.f4 exd4 36.Bxd4 Ne6
37.Rc1 Nxf4 38.Rf1 Nd3 39.Rb6 Nxc5+ 40.Bxc5 Rxc5 41.Rxf6 Kc7 42.Rb4 Ra8 43.h3 gxh3
44.gxh3 Rc1 45.Rh6 Rf8 46.Rxh5 Rb1+  0-1

[Event "22nd TCh-SLO 2012"]
[Site "Slovenia SLO"]
[Date "2012.12.08"]
[Round "8"]
[White "Gjuran,D"]
[Black "Polajzer,D"]
[Result "0-1"]
[WhiteElo "2336"]
[BlackElo "2295"]

1.e4 c5 2.c3 Nf6 3.e5 Nd5 4.d4 cxd4 5.Nf3 e6 6.cxd4 d6 7.Bc4 Be7 8.O-O O-O
9.Qe2 Bd7 10.Bd2 Bc6 11.Nc3 Nxc3 12.Bxc3 Nd7 13.Rfd1 Nb6 14.Ba5 Qd7 15.Bxb6 axb6
16.d5 exd5 17.Bxd5 Bxd5 18.Rxd5 Qe6 19.Qe4 Ra5 20.Rad1 dxe5 21.Rxe5 Rxe5
22.Qxe5 Qxe5 23.Nxe5 Rd8 24.Nd3 b5 25.Kf1 f5 26.Ke2 Rc8 27.Rc1 Rxc1 28.Nxc1 Kf7
29.Kd3 Ke6 30.Ne2 Kd5 31.Nd4 Bf6 32.Nxf5 Bxb2 33.f4 Kc5 34.g4 Kb4 35.Nd6 Bc1
36.Ke4 b6 37.f5 Ka3 38.Nxb5+ Kxa2 39.h4 Kb3 40.g5 Kc4 41.Nd6+ Kc5 42.Ne8 Bb2
43.f6 gxf6 44.gxf6 Bc1 45.f7 Bh6 46.Ke5 b5 47.Kf6 Bf8 48.Nc7 Kc4 49.Ne6 Bd6
50.Ng5 b4 51.Kg7 Kd3 52.Ne6 b3 53.Nf4+ Kd2 54.Nd5 b2 55.Nb6 Kd3 56.Nc8 Bc5  0-1

[Event "ch-IRI 2012"]
[Site "Zahedan IRI"]
[Date "2012.12.10"]
[Round "5.2"]
[White "Pourramezanali,A"]
[Black "Golizadeh,A"]
[Result "1-0"]
[WhiteElo "2365"]
[BlackElo "2476"]

1.e4 c5 2.c3 Nf6 3.e5 Nd5 4.d4 cxd4 5.cxd4 d6 6.Nf3 e6 7.Nc3 Nxc3 8.bxc3 Qc7
9.Bd2 Nd7 10.Bd3 dxe5 11.O-O Be7 12.Re1 exd4 13.cxd4 Nf6 14.Ne5 Bd7 15.Qf3 Bc6
16.Qg3 O-O 17.Rac1 Qd6 18.Nxc6 bxc6 19.Qxd6 Bxd6 20.Rxc6 Rfd8 21.Ba5 Rd7
22.Bb5 Be7 23.Rc4 Rb7 24.Bc6 Rc8 25.d5 Rb2 26.dxe6 Rxa2 27.exf7+ Kxf7 28.Bc3 Kf8
29.Be5 a5 30.g4 h6 31.h4 g5 32.hxg5 hxg5 33.Re3 Rd2 34.Rf3 Kg7 35.Rf5 Kg6
36.Be4 Nxe4 37.Rxc8 Rd8 38.Rc6+  1-0

[Event "4th Penang Heritage City Open"]
[Site "Penang MAS"]
[Date "2012.12.11"]
[Round "2.15"]
[White "Yeoh,L"]
[Black "Lim,DeL"]
[Result "1-0"]
[WhiteElo "2264"]
[BlackElo "1863"]

1.e4 c5 2.c3 Nf6 3.e5 Nd5 4.d4 e6 5.Nf3 cxd4 6.cxd4 d6 7.Bc4 Be7 8.O-O O-O
9.Qe2 Nc6 10.Nc3 Nb6 11.Bb3 d5 12.Bc2 f5 13.exf6 Bxf6 14.Be3 Re8 15.Rad1 Nc4
16.Bc1 b6 17.Bb3 Ba6 18.a3 b5 19.a4 b4 20.Nb5 N6a5 21.Bc2 g5 22.Ne5 Bb7 23.Bxh7+ Kh8  1-0

[Event "III ITT JAHV McGREGOR"]
[Site "Bogota COL"]
[Date "2012.12.12"]
[Round "2.24"]
[White "Lopez,Jorge"]
[Black "Hernandez,Go"]
[Result "1-0"]
[WhiteElo "2034"]
[BlackElo "2131"]

1.e4 c5 2.c3 Nf6 3.e5 Nd5 4.Nf3 e6 5.Bc4 Nb6 6.Bb3 Nc6 7.d4 Be7 8.O-O d6
9.dxc5 dxc5 10.Qe2 Qc7 11.Rd1 Nd7 12.Bf4 g5 13.Nxg5 Ndxe5 14.Nxf7 Kxf7 15.Qh5+ Kg8
16.Rd3 Bd6 17.Qe8+ Kg7 18.Bh6+ Kxh6 19.Qxh8 Ng6 20.Qf6 Bxh2+ 21.Kh1 e5 22.Kxh2 Bg4
23.Rd6 Rf8 24.Qxf8+  1-0

[Event "1st Korbach GM"]
[Site "Korbach GER"]
[Date "2012.12.12"]
[Round "4.2"]
[White "Pap,M"]
[Black "Lampert,J"]
[Result "1-0"]
[WhiteElo "2521"]
[BlackElo "2288"]

1.e4 c5 2.c3 Nf6 3.e5 Nd5 4.Nf3 d6 5.d4 cxd4 6.Bc4 Nc7 7.cxd4 e6 8.Qe2 dxe5
9.dxe5 Bb4+ 10.Nc3 Nd5 11.O-O Nxc3 12.bxc3 Bxc3 13.Rb1 O-O 14.Rd1 Qe7 15.Qd3 Ba5
16.Ng5 g6 17.Qh3 h5 18.Ne4 Rd8 19.Ba3 Qc7 20.Nf6+ Kg7 21.Rxd8 Qxd8 22.Qg3 Qh8
23.Qg5 Nc6 24.Be2 Bd8 25.Rd1 b6 26.Rxd8 Qxd8 27.Nxh5+ Kh7 28.Nf6+ Kg7 29.Qh4 Qh8
30.Bf8+ Qxf8 31.Qh7+  1-0

[Event "4th Penang Heritage City Open"]
[Site "Penang MAS"]
[Date "2012.12.12"]
[Round "4.13"]
[White "Yeoh,L"]
[Black "Wee Chu En,K"]
[Result "1-0"]
[WhiteElo "2264"]
[BlackElo "2048"]

1.e4 c5 2.c3 Nf6 3.e5 Nd5 4.d4 cxd4 5.cxd4 e6 6.Nf3 d6 7.Bc4 Nc6 8.Qe2 Be7
9.O-O O-O 10.Nc3 Nxc3 11.bxc3 dxe5 12.dxe5 Qa5 13.Bd2 Rd8 14.Rfe1 Bd7 15.Bb3 Be8
16.Qe4 Rac8 17.Rac1 Qc7 18.Bg5 h6 19.Be3 Bf8 20.Bc2 g6 21.h4 Rd5 22.Bb3 Ra5
23.Bf4 h5 24.g4 hxg4 25.Nh2 Be7 26.Nxg4 Bxh4 27.Re3 Nd8 28.Rh3 Bc6 29.Rxh4 Bxe4
30.Nf6+ Kf8 31.Rh8+ Kg7 32.Rg8+  1-0

[Event "Amplico ch-EUR Rapid"]
[Site "Warsaw POL"]
[Date "2012.12.15"]
[Round "5.25"]
[White "Mikrut,D"]
[Black "Kempinski,R"]
[Result "0-1"]
[WhiteElo "2351"]
[BlackElo "2599"]

1.e4 c5 2.c3 Nf6 3.e5 Nd5 4.Nf3 Nc6 5.d4 cxd4 6.cxd4 d6 7.exd6 e6 8.Nc3 Bxd6
9.Bd3 Nf4 10.Bxf4 Bxf4 11.O-O O-O 12.d5 exd5 13.Nxd5 Bh6 14.Re1 Be6 15.Nc3 Qb6
16.Qe2 g6 17.Bc4 Bxc4 18.Qxc4 Qxb2 19.Rab1 Qc2 20.Re2 Qf5 21.Rb5 Qd7 22.Ne4 Bg7
23.Nc5 Qc8 24.h4 b6 25.h5 gxh5 26.Qc2 Nd4 27.Nxd4 Bxd4 28.Nb3 Qxc2 29.Rxc2 Bf6
30.Rxh5 Rac8 31.Rd2 Rfd8 32.Rhd5 Rc2 33.a4 Rxd5 34.Rxd5 Rb2 35.Nd2 Rb4 36.a5 b5
37.Nf3 Rb1+ 38.Kh2 b4 39.Rd6 Kg7 40.g4 h6 41.Rc6 Ra1 42.Nd2 Rxa5 43.Ne4 Be5+  0-1

[Event "Amplico ch-EUR Rapid"]
[Site "Warsaw POL"]
[Date "2012.12.16"]
[Round "9.32"]
[White "Vusatiuk,V"]
[Black "Olszewski,Mi"]
[Result "0-1"]
[WhiteElo "2335"]
[BlackElo "2533"]

1.e4 c5 2.c3 Nf6 3.e5 Nd5 4.Nf3 e6 5.Bc4 Nb6 6.Bb3 c4 7.Bc2 Nc6 8.O-O Qc7
9.Qe2 g5 10.Re1 Bg7 11.h3 h5 12.Na3 g4 13.Nb5 Qd8 14.Nd6+ Kf8 15.d4 cxd3
16.Qxd3 gxf3 17.Qxf3 f5 18.Nxf5 Nxe5 19.Rxe5 Bxe5 20.Ne7+ Kg7 21.Bg5 d6 22.Nf5+ exf5
23.Bxd8 Rxd8 24.Qxh5 Bf6 25.Bxf5 Bxf5 26.Qxf5 Rac8 27.Qg4+ Kf7 28.Re1 Re8
29.Qh5+ Kf8 30.Qh6+ Kf7 31.Qh7+ Bg7 32.Qh5+ Kf8 33.Qf5+ Kg8 34.Re6 Rf8 35.Qg6 Rf7
36.Rxd6 Nc4 37.Rd3 Re8 38.Rg3 Nxb2 39.h4 Nc4 40.h5 Ne5 41.Qg5 Kh7 42.Re3 Bh6
43.Qxe5 Rxe5 44.Rxe5 Bg7 45.Rc5 b6 46.Rc6 Rf5 47.h6 Bxh6 48.Rc7+ Bg7 49.Rxa7 Rc5
50.Rb7 Rc6 51.g4 Kg6 52.c4 Bd4 53.Rd7 Rxc4 54.Kg2 Bc5 55.Kf3 Rc2 56.a4 Rxf2+
57.Ke4 Ra2 58.Ra7 Kg5 59.Kd5 Bb4 60.Kc6 Ba5 61.Kb5 Rb2+ 62.Ka6 Kxg4  0-1

[Event "19th Zadar Open B"]
[Site "Zadar CRO"]
[Date "2012.12.19"]
[Round "6.8"]
[White "Hasanagic,An"]
[Black "Matko,O"]
[Result "1/2-1/2"]
[WhiteElo "2117"]
[BlackElo "2243"]

1.e4 c5 2.c3 Nf6 3.e5 Nd5 4.Nf3 Nc6 5.Bc4 Nb6 6.Bb3 d5 7.exd6 Qxd6 8.O-O Bf5
9.d4 cxd4 10.cxd4 e6 11.Nc3 Be7 12.d5 exd5 13.Nxd5 Nxd5 14.Qxd5 Qxd5 15.Bxd5 O-O
16.Bf4 Bf6 17.Bxc6 bxc6 18.Be5 Bxe5 19.Nxe5 Be4 20.Rac1 Rac8 21.Rfd1 f6 22.Nc4 Bd5
23.b3 Rfd8 24.f3 Bxc4 25.Rxd8+ Rxd8 26.Rxc4 Rd1+ 27.Kf2 Rd2+ 28.Kg3 Rxa2
29.Rxc6 Kf7 30.Rc7+ Kg6 31.b4 a6 32.Rb7 h5 33.h4 Kh6 34.Rb6 Kg6 35.Rb7 Kh6
36.Rb6 Kg6 37.Rb7  1/2-1/2

[Event "15th Padova Open 2012"]
[Site "Padova ITA"]
[Date "2012.12.21"]
[Round "7.3"]
[White "Codenotti,M"]
[Black "Solodovnichenko,Y"]
[Result "1/2-1/2"]
[WhiteElo "2362"]
[BlackElo "2557"]

1.e4 c5 2.c3 Nf6 3.e5 Nd5 4.Nf3 Nc6 5.Bc4 e6 6.d4 d6 7.O-O Be7 8.Re1 O-O
9.Bb3 cxd4 10.exd6 Qxd6 11.cxd4 Na5 12.Bc2 Nb4 13.Be4 f5 14.Bd3 Nxd3 15.Qxd3 Nc6
16.Nc3 a6 17.Bg5 Bxg5 18.Nxg5 Qxd4 19.Qxd4 Nxd4 20.Rad1 Rd8 21.Kf1 h6 22.Nf3 Nc6
23.Na4 b5 24.Rxd8+ Nxd8 25.Nb6 Rb8 26.Rc1 Bb7 27.Nd7 Rc8 28.Rxc8 Bxc8 29.Nb6 Bb7
30.Ne5 Kf8 31.g3 Ke7 32.f4 Kd6 33.Ke2 a5 34.Ke3 Bd5 35.a3 Nc6 36.Nbd7 b4
37.Kd3 bxa3 38.bxa3 Na7 39.Nb6 Nc6 40.Nbd7 Kc7 41.Nxc6 Kxc6 42.Ne5+ Kc5 43.Nd7+ Kb5
44.Kc3 Bc6 45.Ne5 Bd5 46.Nd7 g5 47.Ne5 gxf4 48.gxf4 Bc6 49.Nc4 Bg2 50.Ne5 Kc5
51.Nc4 Kb5 52.Nd6+ Ka4 53.Kb2 Bd5 54.Nf7 h5 55.Ne5 h4 56.Ng6 h3 57.Ne5 Bg2
58.Nc4 Bc6 59.Ne5 Bd5 60.Nf7 Kb5 61.Kc3 Kc5 62.Ng5 Bg2 63.Nxe6+ Kd5 64.Ng5 Bf1
65.Nf3 Ba6 66.Ng5 Bb5 67.Nxh3 Ke4 68.Ng5+ Kxf4 69.Nf7 Ke3 70.Nd6 Bd3 71.Nxf5+  1/2-1/2

[Event "6th Augusta Aragon Open"]
[Site "Zaragoza ESP"]
[Date "2012.12.23"]
[Round "2.3"]
[White "Arnetta,MariaT"]
[Black "Mirzoev,A"]
[Result "0-1"]
[WhiteElo "2025"]
[BlackElo "2553"]

1.e4 c5 2.c3 Nf6 3.e5 Nd5 4.d4 cxd4 5.Nf3 Nc6 6.cxd4 d6 7.Bc4 e6 8.O-O Be7
9.a3 O-O 10.Re1 b6 11.Qe2 dxe5 12.dxe5 Na5 13.Ba2 Bb7 14.Bd2 Rc8 15.Nc3 Nxc3
16.Bxc3 Rc7 17.Rad1 Qa8 18.Bb1 Bxf3 19.gxf3 g6 20.Rd4 Rd8 21.Red1 Rxd4 22.Rxd4 Qc8
23.Bd3 Nb3 24.Rc4 Nc5 25.Bb1 b5 26.Rd4 Na4 27.Bd2 Nxb2 28.Qxb5 Nc4 29.Bb4 a6
30.Qa4 Nxe5 31.Kg2 Bxb4 32.axb4 Rc1 33.Be4 Kg7 34.f4 Ng4 35.Rd6 Qc4 36.Bd3 Qxf4
37.Bb1  0-1

[Event "Groningen Open A"]
[Site "Groningen NED"]
[Date "2012.12.24"]
[Round "4.32"]
[White "Richters,M"]
[Black "Brunello,M"]
[Result "0-1"]
[WhiteElo "2075"]
[BlackElo "2257"]

1.e4 c5 2.c3 Nf6 3.e5 Nd5 4.d4 cxd4 5.Nf3 e6 6.cxd4 d6 7.a3 Be7 8.Bd3 Bd7
9.O-O Bc6 10.Nbd2 Nd7 11.Ne4 dxe5 12.dxe5 Qc7 13.Re1 Nxe5 14.Nxe5 Qxe5 15.Ng5 Qd6
16.Ne4 Qc7 17.b4 Nf6 18.Bb2 Rd8 19.Nxf6+ gxf6 20.b5 Bd5 21.Rc1 Qf4 22.Qh5 h6
23.g3 Rg8 24.Rf1 Qg4 25.Qxg4 Rxg4  0-1

[Event "Groningen Open A"]
[Site "Groningen NED"]
[Date "2012.12.24"]
[Round "4.29"]
[White "Mamedjarova,T"]
[Black "Senders,Mischa"]
[Result "1-0"]
[WhiteElo "2277"]
[BlackElo "1967"]

1.e4 c5 2.c3 Nf6 3.e5 Nd5 4.d4 cxd4 5.Qxd4 e6 6.Nf3 Nc6 7.Qe4 f5 8.exf6 Nxf6
9.Qh4 d5 10.Bd3 Bd6 11.Bg5 e5 12.Bg6+ Ke7 13.Bc2 e4 14.Nd4 h6 15.Bxf6+ gxf6
16.Nxc6+ bxc6 17.Nd2 Be6 18.O-O-O Qb6 19.Rhe1 Rab8 20.Bb3 Qa5 21.f3 Rxb3
22.axb3 Be5 23.fxe4 d4 24.cxd4 Bxd4 25.Kb1 Rb8 26.Qg3 Qb4 27.Nc4 c5 28.Ne3 Qxb3
29.Nf5+ Ke8 30.Qxb3 Bxb3 31.Rxd4 cxd4 32.Nxd4 Kf7 33.Re3 Bc4 34.e5 fxe5 35.Nc6 Rc8
36.Nxe5+ Kf6 37.Ng4+ Kg5 38.h3 Bf1 39.Nh2 Bb5 40.Re4  1-0

[Event "Czech Christmas Open"]
[Site "Litomysl CZE"]
[Date "2012.12.26"]
[Round "1.3"]
[White "Sharashenidze,A"]
[Black "Chiu,H"]
[Result "1-0"]
[WhiteElo "2351"]
[BlackElo "2042"]

1.e4 c5 2.c3 Nf6 3.e5 Nd5 4.d4 cxd4 5.cxd4 e6 6.Nc3 d6 7.Nf3 Nc6 8.Nxd5 exd5
9.Bd3 Bg4 10.O-O Be7 11.Bf4 dxe5 12.dxe5 g5 13.Bg3 h5 14.h3 Be6 15.Bb5 Qb6
16.Nd4 Bc5 17.Nxe6 fxe6 18.Qa4 Ke7 19.h4 g4 20.Rac1 Rac8 21.Bf4 Rhf8 22.Bg5+ Kd7
23.Rxc5 Qxc5 24.Be3 Qe7 25.Qxa7 Ke8 26.Bc5 Qd7 27.Bxc6 Qxc6 28.Bxf8 Kxf8
29.Qe3 Qe8 30.f3 gxf3 31.Rxf3+ Ke7 32.Qa3+  1-0

[Event "Pan-Am Intercollegiate 2012"]
[Site "Princeton USA"]
[Date "2012.12.27"]
[Round "1"]
[White "Modlin,Trey"]
[Black "Chirila,I"]
[Result "0-1"]
[WhiteElo "2067"]
[BlackElo "2525"]

1.e4 c5 2.c3 Nf6 3.e5 Nd5 4.d4 cxd4 5.Nf3 e6 6.cxd4 d6 7.Bc4 Nc6 8.O-O Be7
9.Nc3 Nxc3 10.bxc3 dxe5 11.Nxe5 Nxe5 12.dxe5 Qa5 13.Qe2 O-O 14.Rd1 Rd8 15.Rxd8+ Qxd8
16.Be3 Bd7 17.Qd3 Qc7 18.Rd1 Bc6 19.Bd4 Rd8 20.Bb3 Qa5 21.Qe3 b6 22.f4 Bd5
23.g4 Qa3 24.Rb1 Bxb3 25.axb3 Qa2 26.Qe4 Bc5 27.Bxc5 bxc5 28.c4 h6 29.Rf1 Qxb3
30.f5 Rd4 31.Qa8+ Kh7 32.fxe6 Rxg4+ 33.Kh1 fxe6 34.Qxa7 Qxc4  0-1

[Event "36th Zurich Christmas Open"]
[Site "Zuerich SUI"]
[Date "2012.12.27"]
[Round "3.8"]
[White "Vajda,Le"]
[Black "Kurmann,O"]
[Result "1-0"]
[WhiteElo "2603"]
[BlackElo "2456"]

1.e4 c5 2.c3 Nf6 3.e5 Nd5 4.d4 cxd4 5.Nf3 e6 6.cxd4 d6 7.Bc4 Nc6 8.O-O Be7
9.Qe2 O-O 10.Nc3 Nxc3 11.bxc3 dxe5 12.dxe5 Qa5 13.Bd2 Rd8 14.Rfe1 Qc7 15.Qe4 b6
16.Ng5 g6 17.Qf3 Bf8 18.Ne4 Nxe5 19.Nf6+ Kg7 20.Qf4 Qxc4 21.Qxe5 Kh8 22.Re4 Qc5
23.Rh4 h5 24.Qe4 Rxd2 25.Rxh5+  1-0

[Event "3rd Arco Christmas"]
[Site "Arco ITA"]
[Date "2012.12.28"]
[Round "4.1"]
[White "Spornberger,M"]
[Black "Lettieri,G"]
[Result "1-0"]
[WhiteElo "2265"]
[BlackElo "2380"]

1.e4 c5 2.c3 Nf6 3.e5 Nd5 4.d4 cxd4 5.cxd4 d6 6.Nf3 Nc6 7.Bc4 e6 8.O-O Be7
9.Qe2 O-O 10.Qe4 Bd7 11.Re1 Rc8 12.a3 Na5 13.Ba2 Ba4 14.Bxd5 exd5 15.Qg4 h5
16.Qxh5 Nb3 17.Ng5 Bxg5 18.Bxg5 Qa5 19.Nc3 Nxa1 20.b4 Rxc3 21.bxa5 Nc2 22.Rc1 dxe5
23.dxe5 Rfc8 24.h4 Bd7 25.Bd2 R3c4 26.f3 Nxa3 27.Qg5 Nb5 28.Rxc4 dxc4 29.h5 Nd4
30.h6 Ne6 31.Qe7 c3 32.Bxc3 Rxc3 33.Qxd7 Rc7 34.Qe8+ Kh7 35.hxg7 Kxg7 36.Qa4 Rc5
37.f4 b5 38.axb6 axb6 39.f5 Rxe5 40.fxe6 Rxe6 41.Qd4+ Kh7 42.g4 Rg6 43.Kf2 Re6
44.Kg3 Rg6 45.Kf4 Re6 46.Kf5 Rg6 47.Qd7 Kg7 48.Qe8 Re6 49.Qb8 Kh7 50.Qf8  1-0

[Event "Pan-Am Intercollegiate 2012"]
[Site "Princeton USA"]
[Date "2012.12.28"]
[Round "2"]
[White "Jamison,C"]
[Black "Sharevich,A"]
[Result "1-0"]
[WhiteElo "1987"]
[BlackElo "2290"]

1.e4 c5 2.c3 Nf6 3.e5 Nd5 4.d4 cxd4 5.Nf3 e6 6.cxd4 b6 7.Nc3 Bb7 8.Bd3 Be7
9.O-O O-O 10.Bd2 f5 11.Rc1 Nb4 12.Bc4 N8a6 13.a3 Nd5 14.Nxd5 exd5 15.Bd3 g6
16.Bh6 Re8 17.Qd2 Nc7 18.Ng5 Bf8 19.Bxf8 Rxf8 20.Qf4 h6 21.e6 Nxe6 22.Nxe6 dxe6
23.Qxh6 Rf6 24.Rc3 Rc8 25.Rfc1 Rxc3 26.Rxc3 Qf8 27.Qf4 Rf7 28.Qe5 Qe7 29.Be2 Qf6
30.Qb8+ Rf8 31.Qxb7 Qxd4 32.Rg3 Rf6 33.Qc8+ Kg7 34.Qd7+ Rf7 35.Qxe6 Rf6 36.Qe7+ Rf7
37.Qg5 Rf6 38.Rc3 f4 39.Rc7+ Rf7 40.Rxf7+ Kxf7 41.Bf3 Qxb2 42.Bxd5+ Kg7 43.Qe7+ Kh6
44.h3 Qa1+ 45.Kh2 Qd4 46.Qh4+ Kg7 47.Bf3 Qd6 48.a4 Qb4 49.Qd8 Qxa4 50.Qe7+ Kh6
51.Qf8+ Kh7 52.Bd5 g5 53.Qg8+ Kh6 54.Bf7 Qe4 55.Qh8+  1-0

[Event "Pan-Am Intercollegiate 2012"]
[Site "Princeton USA"]
[Date "2012.12.28"]
[Round "3"]
[White "Breckenridge,S"]
[Black "Hendrickson,Nolan R"]
[Result "1/2-1/2"]
[WhiteElo "2292"]
[BlackElo "2197"]

1.e4 c5 2.c3 Nf6 3.e5 Nd5 4.d4 cxd4 5.Nf3 d6 6.cxd4 dxe5 7.dxe5 Nc6 8.Bc4 Ndb4
9.a3 Qxd1+ 10.Kxd1 Na6 11.h3 g6 12.b4 Nc7 13.Bb2 Be6 14.Nbd2 Bg7 15.Rc1 Rd8
16.Ke2 O-O 17.Ne4 Bh6 18.Neg5 Bd5 19.Bxd5 Rxd5 20.Rcd1 Rfd8 21.Rxd5 Rxd5
22.Ne4 Ne6 23.g3 Ned4+ 24.Nxd4 Nxd4+ 25.Kd3 Nf3+ 26.Kc4 Rd8 27.Nc5 b6 28.Nb3 a6
29.Bd4 Bg7 30.Bxb6 Nxe5+ 31.Kc5 Rd6 32.Ba7 Nd3+ 33.Kc4 Ne5+ 34.Kc5 Nc6 35.Bb6 Nd4
36.Na5 Ne6+ 37.Kc4 Rxb6 38.Rd1 Bd4 39.Rxd4 Nxd4 40.Kxd4 Rb5 41.Nc6 Kf8 42.a4 Rb7
43.Kc5 Ke8 44.Na5 Rb8 45.Nc6 Rc8 46.Kb6 Kd7 47.Ne5+ Ke6 48.Nd3 Kd5 49.Nc5 Rc6+
50.Ka5 Rxc5+ 51.bxc5 Kxc5 52.Kxa6 Kc6 53.Ka7 Kc7 54.Ka6 Kc6 55.Ka7 Kc7 56.Ka6 Kc6  1/2-1/2

[Event "Groningen Open A"]
[Site "Groningen NED"]
[Date "2012.12.29"]
[Round "8.13"]
[White "Mamedjarova,T"]
[Black "Naroditsky,D"]
[Result "0-1"]
[WhiteElo "2277"]
[BlackElo "2483"]

1.e4 c5 2.c3 Nf6 3.e5 Nd5 4.d4 cxd4 5.Qxd4 e6 6.Nf3 Nc6 7.Qe4 f5 8.Qe2 b5
9.g3 Be7 10.Bg2 a5 11.O-O Ba6 12.Rd1 O-O 13.Nd4 b4 14.c4 Nxd4 15.Rxd4 Qb6
16.Qd2 Bg5 17.f4 Be7 18.Kh1 Bc5 19.Rxd5 exd5 20.Qxd5+ Kh8 21.Nd2 a4 22.g4 fxg4
23.Ne4 Be7 24.c5 Bb7 25.Qd4 Qb5 26.Bd2 Rac8 27.Bxb4 Rxf4 28.Bd2 Rxe4 29.Bxe4 Bxc5  0-1

[Event "XXIII Krakow Open"]
[Site "Krakow POL"]
[Date "2012.12.29"]
[Round "4.15"]
[White "Malinovsky,K"]
[Black "Mucha,Mag"]
[Result "1-0"]
[WhiteElo "2396"]
[BlackElo "1922"]

1.e4 c5 2.c3 Nf6 3.e5 Nd5 4.d4 cxd4 5.Qxd4 e6 6.Nf3 Nc6 7.Qe4 d6 8.Nbd2 dxe5
9.Nxe5 Nxe5 10.Qxe5 Bd7 11.Ne4 Bc6 12.Bh6 Rg8 13.O-O-O Qb8 14.Qxb8+ Rxb8
15.Bd2 Be7 16.f3 Rd8 17.Be2 Nf6 18.Nf2 Bd6 19.c4 Ke7 20.Bc3 Bf4+ 21.Kc2 Rxd1
22.Bxd1 Rd8 23.Nd3 Bc7 24.Be2 Ne8 25.Ne5 Bxe5 26.Bxe5 f6 27.Bf4 e5 28.Be3 a6
29.Bd3 h6 30.Rd1 Rd7 31.Re1 Nc7 32.f4 Ne6 33.fxe5 fxe5 34.g3 Kf6 35.Rf1+ Ke7
36.Bg6 Kd6 37.Rd1+ Ke7 38.Rxd7+ Kxd7 39.Kd3 Kd6 40.b4 Kd7 41.a3 Kd6 42.h4 Ke7
43.Be4 Nd8 44.Bc5+ Ke6 45.g4 Bxe4+ 46.Kxe4 g6 47.b5 Nf7 48.a4 Nd6+ 49.Bxd6 Kxd6
50.b6 a5 51.h5 g5 52.Kf5 e4 53.Kxe4 Kc5 54.Ke5 Kxb6 55.Kd6 Ka7 56.c5 Ka6
57.c6  1-0

[Event "XLII Rilton Cup"]
[Site "Stockholm SWE"]
[Date "2012.12.29"]
[Round "3.15"]
[White "Nielsen,Ro"]
[Black "L'Ami,Alina"]
[Result "1/2-1/2"]
[WhiteElo "2208"]
[BlackElo "2390"]

1.e4 c5 2.c3 Nf6 3.e5 Nd5 4.d4 cxd4 5.cxd4 d6 6.Nf3 Nc6 7.Bc4 dxe5 8.Nxe5 e6
9.O-O Be7 10.Qg4 O-O 11.Rd1 Nf6 12.Qf3 Nxd4 13.Qf4 Bc5 14.Be3 b5 15.Bxd4 bxc4
16.Nc3 Bxd4 17.Rxd4 Qb6 18.Nxc4 Qb8 19.Qd2  1/2-1/2

[Event "Pan-Am Intercollegiate 2012"]
[Site "Princeton USA"]
[Date "2012.12.30"]
[Round "6"]
[White "Auger,M"]
[Black "Ryba,Andrew"]
[Result "1/2-1/2"]
[WhiteElo "2047"]
[BlackElo "2186"]

1.e4 c5 2.c3 Nf6 3.e5 Nd5 4.Nf3 Nc6 5.d4 cxd4 6.Bc4 Nb6 7.Bb3 d5 8.exd6 Qxd6
9.cxd4 Be6 10.Nc3 Bxb3 11.Qxb3 e6 12.O-O Be7 13.Nb5 Qd8 14.Bf4 Nd5 15.Bg3 O-O
16.Rad1 a6 17.Nc3 Na5 18.Qc2 Rc8 19.Rc1 Nxc3 20.bxc3 Ba3 21.Rb1 b5 22.Qd3 Qd5
23.Bh4 Qxa2 24.Ng5 g6 25.Nxh7 Kxh7 26.Bf6 Qd5 27.g4 Rc5 28.Qh3+ Qh5 29.gxh5 Rxh5
30.Qg2 Nc4 31.Ra1 a5 32.Rxa3 Nxa3 33.Be7 Rc8 34.Qb7 Rxc3 35.Bf6 Rf5 36.Qxf7+ Kh6
37.Qg7+ Kh5 38.Qh7+ Kg4 39.Qh4+ Kf3 40.Re1  1/2-1/2

[Event "Australian Open 2013"]
[Site "Cammeray AUS"]
[Date "2013.01.02"]
[Round "1.14"]
[White "Bishop,Joshua"]
[Black "Brown,An"]
[Result "0-1"]
[WhiteElo "1835"]
[BlackElo "2261"]

1.e4 c5 2.c3 Nf6 3.e5 Nd5 4.d4 cxd4 5.Nf3 Nc6 6.cxd4 d6 7.Bc4 dxe5 8.dxe5 Ndb4
9.Qb3 e6 10.O-O a6 11.Rd1 Qc7 12.Na3 Be7 13.Bf4 O-O 14.Rac1 b5 15.Bd3 Nxd3
16.Rxd3 Bb7 17.Nd4 Rac8 18.Nxc6 Bxc6 19.Rh3 Rfd8 20.Nb1 Qb7 21.Qg3 Be4 22.Re1 Bf5
23.Qf3 Qxf3 24.Rxf3 Rc2 25.Bc1 Re2  0-1

[Event "16th New Year Open"]
[Site "Guben GER"]
[Date "2013.01.02"]
[Round "1"]
[White "Roeser,A"]
[Black "Neubauer,B"]
[Result "0-1"]
[WhiteElo "1942"]
[BlackElo "2174"]

1.e4 c5 2.c3 Nf6 3.e5 Nd5 4.Nf3 e6 5.g3 d6 6.Bg2 dxe5 7.Nxe5 Bd6 8.Nc4 Be7
9.a4 Nc6 10.O-O b6 11.Re1 Bb7 12.Nba3 O-O 13.Nc2 Bf6 14.N2e3 Qd7 15.Ng4 Rfd8
16.Qf3 Rab8 17.Qe2 Qc8 18.d3 Ba6 19.Nxf6+ Nxf6 20.Bg5 Ne7 21.Bxf6 gxf6 22.Qg4+ Kf8
23.Rad1 Qc7 24.Qh4 Kg7 25.Qg4+ Ng6 26.h4 f5 27.Qg5 h6 28.Qe3 Bxc4 29.dxc4 Rxd1
30.Rxd1 Rd8 31.Rxd8 Qxd8 32.h5 Qd1+ 33.Kh2 Qxh5+ 34.Bh3 Qg5 35.f4 Qd8 36.Qe2 h5
37.Bg2 h4 38.Qf2 hxg3+ 39.Qxg3 Qd2 40.b4 Qxf4 41.Qxf4 Nxf4  0-1